Normal view
MARC view
- Dar, Tufail
Entry Personal Name
001 - CONTROL NUMBER
- control field: 15090
003 - CONTROL NUMBER IDENTIFIER
- control field: NUST
005 - DATE AND TIME OF LATEST TRANSACTION
- control field: 20190619105606.0
008 - FIXED-LENGTH DATA ELEMENTS
- fixed length control field: 190619|| aca||aabn | a|a d
040 ## - CATALOGING SOURCE
- Original cataloging agency: NUST
- Transcribing agency: NUST
100 ## - HEADING--PERSONAL NAME
- Personal name: Dar, Tufail
670 ## - SOURCE DATA FOUND
- Source citation: Work cat.: (NUST): Dar, Tufail, Sahwaan ay Dapar Chanwain /, 1983.
